000 00512nam a2200169Ia 4500
008 100204s9999 xx 000 0 und d
082 _b27650
100 _aफ्लेमिंग इयान
245 _aद स्पाय हू लव्हड मी
250 _a0
260 _c2007
300 _a136
630 _aद स्पाय हू लव्हड मी
700 _aठाकूर अजित
730 _aद स्पाय हू लव्हड मी
942 _cBOOK
999 _c472827
_d472824